000 00551nam a22001697a 4500
003 BD-ChCU
005 20260503112321.0
008 260503b bg ||||| |||| 00| 0 ben d
040 _cBD-ChCU
082 _a621.319 TOT
100 _aTowers , T.D.
_922231
245 _aTowers International digital Ic Selector :
_bspecification data for the identification , Selection and substitution of Digital ICs./
_cT.D. Towers .
260 _aDelhi :
_bW. Foulsham .
_cC 1987
300 _a246p.
650 0 _aElectric Circuits ./
_922232
942 _2ddc
_cBK
_n0
999 _c112594
_d112594